| 000 | 00000nam 2200000za 4500 |
| 001 | 9.611971 |
| 003 | CaOODSP |
| 005 | 20240527135427 |
| 007 | ta |
| 008 | 150406|1995||||xxc||||| f|0| 0 eng d |
| 020 | |a0-662-23225-9 |
| 022 | |a0831-6481 |
| 040 | |aCaOODSP|beng |
| 043 | |an-cn--- |
| 086 | 1 |aCW69-5/227E |
| 110 | 2 |aCanadian Wildlife Service. |
| 245 | 10|aPotential Western Hemisphere Shorebird Reserve Network sites for shorebirds in Canada : |bsecond edition, 1995 / |cby R. I. G. Morrison et al. Issued by Headquarters. |
| 260 | |aOttawa - Ontario : |bEnvironment Canada. |c1995. |
| 300 | |aiv, 104p. : |bmaps, references, tables ; |c28 cm. |
| 490 | 1 |aTechnical report|x0831-6481|v227 |
| 500 | |a"This report provides an updated inventory of potential WHSRN sites in non-Arctic areas of Canada."--Abstract. |
| 520 | 3 |aThis report provides an updated inventory of potential WHSRN sites in non-Arctic areas of Canada.--Abstract |
| 530 | |aIssued also in electronic format. |
| 546 | |aRésumés en français |
| 563 | |aRing binding |
| 590 | |a97-02|b1997-01-10 |
| 690 | 07|aBirds|2gcpds |
| 720 | 1 |aMorrison, R. I. G. |
| 776 | 0#|tPotential Western Hemisphere Shorebird Reserve Network sites for shorebirds in Canada |w(CaOODSP)9.857585 |
| 830 | #0|aTechnical report,|x0831-6481|v227|w(CaOODSP)9.514491 |